00382nmm a22001457a 450000500170000000800410001704100080005808200110006610000320007724500480010926000090015765000150016665000290018165000260021020161122171750.0150618b xxu||||| |||| 00| 0 spa d aspa aDE 115 aLeitón Pérez, Marianela aContadores Públicos Asesores de Negocioes c2015 aCOSTA RICA aDIRECCIÓN DE EMPRESAS aDECLARACIONES JURADAS